[Event "Karposh Open 2015"]
[Site "Skopje MKD"]
[Date "2015.04.01"]
[Round "7.25"]
[White "Andonovski, Ljubisa"]
[Black "Kanmazalp, Ogulcan"]
[Result "0-1"]
[WhiteElo "2290"]
[BlackElo "2458"]
[PlyCount "188"]
[EventDate "2015.03.27"]
[EventType "swiss"]
[EventRounds "9"]
[EventCountry "MKD"]
[Source "lmi"]
[SourceDate "2015.03.27"]

1. d4 d5 2. c4 e6 3. Nf3 c6 4. e3 Nf6 5. Nc3 Nbd7 6. Qc2 Bd6 7. Be2 O-O 8. O-O
dxc4 9. Bxc4 a6 10. Ne4 Nxe4 11. Qxe4 c5 12. Bd3 g6 13. Rd1 Qe7 14. Be2 e5 15.
b3 Nf6 16. Qh4 e4 17. Ne5 cxd4 18. exd4 Nd5 19. Qxe7 Bxe7 20. Bh6 Re8 21. Bc4
Be6 22. f3 exf3 23. Nxf3 b5 24. Bd3 f6 25. Bd2 Ba3 26. Bc1 Bd6 27. Bd2 Ba3 28.
Bc1 Bd6 29. Bd2 Rec8 30. Re1 Bf7 31. a4 Nb4 32. Be4 Rab8 33. axb5 axb5 34. Rec1
f5 35. Rxc8+ Rxc8 36. Bxb4 Bxb4 37. Bd3 Bc3 38. Rb1 b4 39. Kf2 Kg7 40. Bb5 Kf6
41. Ke3 Bd5 42. Ba4 g5 43. g3 Bxf3 44. Kxf3 Bxd4 45. Rd1 Rc3+ 46. Ke2 Re3+ 47.
Kf1 Rf3+ 48. Ke2 Rf2+ 49. Ke1 Be3 50. Rd6+ Ke5 51. Rh6 Rb2 52. Rxh7 f4 53.
gxf4+ gxf4 54. Re7+ Kf6 55. Re8 Rxh2 56. Bc6 Rb2 57. Bd5 Kf5 58. Kf1 Kg4 59.
Rg8+ Kf5 60. Re8 Rd2 61. Bc6 Kg5 62. Rg8+ Kf6 63. Rb8 Rf2+ 64. Ke1 Rb2 65. Ba4
Kf7 66. Rb5 Ke6 67. Rb8 Kf5 68. Rf8+ Ke4 69. Re8+ Kd4 70. Rd8+ Ke4 71. Re8+ Kd3
72. Bb5+ Kd4 73. Rd8+ Kc5 74. Bc4 f3 75. Kd1 Rb1+ 76. Kc2 Rc1+ 77. Kb2 f2 78.
Rd5+ Kc6 79. Rf5 Rc3 80. Kb1 Bd4 81. Rf4 Rxc4 82. bxc4 Kc5 83. Kc2 Kxc4 84. Rf3
b3+ 85. Kb1 Be3 86. Rf5 Kc3 87. Rf3 Kc4 88. Rf5 Bc5 89. Rf4+ Bd4 90. Rf3 Kd5
91. Kc1 Be3+ 92. Kb2 Kc4 93. Ka3 Bc1+ 94. Ka4 b2 0-1

[Event "Karposh Open 2015"]
[Site "Skopje MKD"]
[Date "2015.04.01"]
[Round "7.26"]
[White "Haznedaroglu, Kivanc"]
[Black "Tsakiris, Haralambos"]
[Result "1-0"]
[WhiteElo "2445"]
[BlackElo "2265"]
[PlyCount "77"]
[EventDate "2015.03.27"]
[EventType "swiss"]
[EventRounds "9"]
[EventCountry "MKD"]
[Source "lmi"]
[SourceDate "2015.03.27"]

1. d4 e6 2. Nf3 Nf6 3. c4 Bb4+ 4. Nbd2 b6 5. a3 Bxd2+ 6. Qxd2 Bb7 7. e3 a5 8.
b3 O-O 9. Be2 d5 10. O-O Nbd7 11. Bb2 c5 12. Rfd1 Qe7 13. Rac1 Rfd8 14. Qc2
Rac8 15. Qb1 h6 16. Nd2 Ba6 17. Qa1 Ne8 18. Bf1 cxd4 19. Bxd4 Nc5 20. b4 Na4
21. cxd5 Bxf1 22. Rxc8 Rxc8 23. Nxf1 exd5 24. bxa5 bxa5 25. Ng3 Nc5 26. Qc3 Qc7
27. Be5 Qd8 28. Rc1 Nf6 29. Bxf6 Qxf6 30. Qxa5 Qc6 31. Nf5 Qd7 32. Nxh6+ gxh6
33. Rxc5 Rb8 34. h3 Rb1+ 35. Kh2 Qd6+ 36. f4 Qe7 37. Rxd5 Qe6 38. Qd8+ Kg7 39.
Re5 1-0

[Event "Karposh Open 2015"]
[Site "Skopje MKD"]
[Date "2015.04.01"]
[Round "7.28"]
[White "Janev, Pavel"]
[Black "Radovanovic, Nikola"]
[Result "1/2-1/2"]
[WhiteElo "2262"]
[BlackElo "2399"]
[PlyCount "90"]
[EventDate "2015.03.27"]
[EventType "swiss"]
[EventRounds "9"]
[EventCountry "MKD"]
[Source "lmi"]
[SourceDate "2015.03.27"]

1. e4 d6 2. d4 Nf6 3. Nc3 Nbd7 4. f4 e5 5. Nf3 exd4 6. Qxd4 c6 7. Bd2 d5 8. e5
Bc5 9. Qd3 Ng4 10. Nd1 Qe7 11. Be2 f6 12. Nd4 Bxd4 13. Qxd4 Nh6 14. exf6 Nxf6
15. Bb4 Qd7 16. Ne3 b6 17. Qe5+ Kf7 18. Nc4 dxc4 19. Bxc4+ Nd5 20. O-O-O Rd8
21. Rhe1 Bb7 22. Qh5+ Kg8 23. Re7 Qf5 24. Qxf5 Nxf5 25. Bxd5+ cxd5 26. Rxb7
Rac8 27. Rd2 Rc4 28. a3 a5 29. Bc3 Rxf4 30. Kb1 d4 31. Rd3 Rc8 32. Bd2 Rf2 33.
g4 Nd6 34. Rd7 Nc4 35. R7xd4 Rxh2 36. Rd8+ Rxd8 37. Rxd8+ Kf7 38. Bc3 g6 39.
Rd4 Ne3 40. Rf4+ Kg8 41. Re4 Rh3 42. Bd4 Nc4 43. Re7 Rh4 44. Rg7+ Kf8 45. Rc7
b5 1/2-1/2

[Event "Karposh Open 2015"]
[Site "Skopje MKD"]
[Date "2015.04.01"]
[Round "7.30"]
[White "Hadzimanolis, Antonios"]
[Black "Kerigan, Demre"]
[Result "1-0"]
[WhiteElo "2239"]
[BlackElo "2397"]
[PlyCount "99"]
[EventDate "2015.03.27"]
[EventType "swiss"]
[EventRounds "9"]
[EventCountry "MKD"]
[Source "lmi"]
[SourceDate "2015.03.27"]

1. e4 d6 2. d4 Nf6 3. Nc3 g6 4. Bg5 Bg7 5. e5 dxe5 6. dxe5 Ng4 7. Qxd8+ Kxd8 8.
Nd5 Nc6 9. Rd1 Bd7 10. Be2 Ngxe5 11. f4 h6 12. Bh4 g5 13. fxg5 hxg5 14. Bxg5
Rc8 15. c3 Bh6 16. Bxh6 Rxh6 17. Nf3 e6 18. Ne3 Ke7 19. O-O Nxf3+ 20. Rxf3 Ne5
21. Rg3 Rh4 22. Ng4 Nxg4 23. Rxg4 Rxg4 24. Bxg4 f5 25. Bf3 e5 26. g3 Be6 27.
Kf2 Kf6 28. a3 e4 29. Be2 Ke5 30. Ke3 Rh8 31. h4 Bd5 32. h5 Rg8 33. Rg1 Bf7 34.
h6 Rh8 35. Rh1 c6 36. Rh4 Bg6 37. Rh1 Rd8 38. h7 Rh8 39. Rh6 Bxh7 40. Bh5 c5
41. Bf7 Bg8 42. Rxh8 Bxf7 43. Rc8 Kd6 44. Kf4 Be6 45. Rd8+ Bd7 46. Rh8 Kd5 47.
Rh7 Kd6 48. c4 a6 49. a4 Bxa4 50. Rxb7 1-0

[Event "Karposh Open 2015"]
[Site "Skopje MKD"]
[Date "2015.04.01"]
[Round "7.31"]
[White "Annaberdiev, Meilis"]
[Black "Petrov, Georgi"]
[Result "1/2-1/2"]
[WhiteElo "2446"]
[BlackElo "2174"]
[PlyCount "125"]
[EventDate "2015.03.27"]
[EventType "swiss"]
[EventRounds "9"]
[EventCountry "MKD"]
[Source "lmi"]
[SourceDate "2015.03.27"]

1. e4 c5 2. Nf3 Nc6 3. d4 cxd4 4. Nxd4 Qb6 5. Nb3 Nf6 6. Nc3 e6 7. Qe2 d6 8. g4
Be7 9. Bg2 a6 10. O-O Qc7 11. f4 h6 12. Bd2 b5 13. a3 Bb7 14. Kh1 Nd7 15. Rae1
Bh4 16. Rd1 Bf6 17. Be1 Nb6 18. e5 dxe5 19. Ne4 Nd4 20. Nxd4 exd4 21. Ba5 Bxe4
22. Qxe4 Rb8 23. c3 dxc3 24. Bb4 Rc8 25. Bd6 Qc4 26. Qb7 c2 27. Rde1 Nd7 28. b3
Qc3 29. Qxa6 Be7 30. f5 e5 31. Rc1 Bxd6 32. Qxd6 Qc5 33. Qxc5 Rxc5 34. Rf2 Ke7
35. Rfxc2 Rhc8 36. Rxc5 Rxc5 37. Rxc5 Nxc5 38. Bf1 Nxb3 39. Bxb5 f6 40. Kg2 Kd6
41. Kg3 Kc5 42. Be2 e4 43. a4 Kd4 44. Kf2 e3+ 45. Kf3 Nd2+ 46. Kf4 Nb3 47. Kf3
Nd2+ 48. Kf4 Nb3 49. Kf3 Nd2+ 50. Kf4 Nb3 51. h4 Nc1 52. Kf3 Nb3 53. Kf4 Nc1
54. Kf3 Nb3 55. g5 hxg5 56. hxg5 fxg5 57. Kg4 Ke5 58. Kxg5 Nd4 59. a5 Kd6 60.
a6 Kc7 61. Bd3 e2 62. Bxe2 Nxe2 63. f6 1/2-1/2

[Event "Karposh Open 2015"]
[Site "Skopje MKD"]
[Date "2015.04.01"]
[Round "7.32"]
[White "Arsovic, Zoran"]
[Black "Giannoulakis, Labros"]
[Result "1/2-1/2"]
[WhiteElo "2428"]
[BlackElo "2217"]
[PlyCount "79"]
[EventDate "2015.03.27"]
[EventType "swiss"]
[EventRounds "9"]
[EventCountry "MKD"]
[Source "lmi"]
[SourceDate "2015.03.27"]

1. Nf3 Nf6 2. c4 g6 3. Nc3 Bg7 4. e4 d6 5. d4 O-O 6. Be2 e5 7. O-O Nc6 8. d5
Ne7 9. Kh1 Ne8 10. Ne1 f5 11. exf5 Nxf5 12. Nf3 h6 13. Bd3 Nf6 14. Nd2 b6 15.
Nde4 Nd4 16. Nxf6+ Qxf6 17. f3 Bf5 18. Ne4 Bxe4 19. Bxe4 h5 20. Be3 Nf5 21. Bf2
Bh6 22. Qd3 h4 23. g3 hxg3 24. hxg3 Kg7 25. Kg2 Rh8 26. Rh1 Bg5 27. Rae1 a5 28.
b3 Rxh1 29. Rxh1 Rh8 30. Rxh8 Kxh8 31. a3 Bc1 32. b4 axb4 33. axb4 Qg5 34. Qd1
Be3 35. Bxf5 Bxf2 36. Kxf2 gxf5 37. Qa4 Qd2+ 38. Kf1 Qd3+ 39. Kf2 Qxc4 40. Qe8+
1/2-1/2

[Event "Karposh Open 2015"]
[Site "Skopje MKD"]
[Date "2015.04.01"]
[Round "7.33"]
[White "Zupe, Miran"]
[Black "Yanev, Tihomir"]
[Result "1/2-1/2"]
[WhiteElo "2277"]
[BlackElo "2419"]
[PlyCount "45"]
[EventDate "2015.03.27"]
[EventType "swiss"]
[EventRounds "9"]
[EventCountry "MKD"]
[Source "lmi"]
[SourceDate "2015.03.27"]

1. Nf3 d5 2. d4 Nf6 3. e3 g6 4. c4 Bg7 5. Nc3 O-O 6. Qb3 c6 7. cxd5 Nxd5 8.
Nxd5 cxd5 9. Bd2 Nc6 10. Bd3 Qd6 11. Rc1 Rb8 12. h3 Bd7 13. O-O Rfd8 14. a3 e5
15. dxe5 Nxe5 16. Nxe5 Bxe5 17. Bc3 Bc6 18. Rfd1 d4 19. Bxd4 Bxd4 20. Bc4 Qf6
21. exd4 Be4 22. Rc3 b5 23. Be2 1/2-1/2

[Event "Karposh Open 2015"]
[Site "Skopje MKD"]
[Date "2015.04.01"]
[Round "7.34"]
[White "Vragoteris, Antonios"]
[Black "Arsovic, Goran"]
[Result "1/2-1/2"]
[WhiteElo "2238"]
[BlackElo "2412"]
[PlyCount "119"]
[EventDate "2015.03.27"]
[EventType "swiss"]
[EventRounds "9"]
[EventCountry "MKD"]
[Source "lmi"]
[SourceDate "2015.03.27"]

1. e4 c5 2. Nf3 d6 3. d4 cxd4 4. Nxd4 Nf6 5. Nc3 a6 6. Be2 e5 7. Nb3 Be7 8. Be3
Be6 9. Nd5 Nbd7 10. Qd3 O-O 11. O-O Bxd5 12. exd5 Re8 13. c4 a5 14. Rac1 Rc8
15. Kh1 g6 16. f4 b6 17. f5 a4 18. Nd2 Nc5 19. Qb1 Nfd7 20. Bg4 Rc7 21. fxg6
fxg6 22. Ne4 Rf8 23. Bh6 Rxf1+ 24. Rxf1 Nxe4 25. Qxe4 Nf6 26. Qe2 Nxg4 27. Qxg4
Qc8 28. Qf3 Qf5 29. Qe2 Qh5 30. Qf2 Qf5 31. Qe2 Qh5 32. Qxh5 gxh5 33. b3 axb3
34. axb3 b5 35. Rc1 bxc4 36. bxc4 Kf7 37. Be3 Kg6 38. Kg1 Kf5 39. Kf2 Rb7 40.
Rc2 Ke4 41. Ke2 Rb3 42. Bf2 Bg5 43. Ba7 Bd8 44. c5 Rb7 45. Ra2 dxc5 46. Bxc5
Rb5 47. Rc2 Kxd5 48. Rd2+ Ke4 49. Rxd8 Rxc5 50. Re8 Rc2+ 51. Kf1 Kd4 52. Re7 e4
53. Rxh7 Ke3 54. g3 Rxh2 55. Kg1 Ra2 56. Rxh5 Kf3 57. Rf5+ Kxg3 58. Kf1 e3 59.
Ke1 Kg4 60. Rf8 1/2-1/2

[Event "Karposh Open 2015"]
[Site "Skopje MKD"]
[Date "2015.04.01"]
[Round "7.35"]
[White "Lopez, Jasel"]
[Black "Dancevski, Orce"]
[Result "0-1"]
[WhiteElo "2211"]
[BlackElo "2370"]
[PlyCount "110"]
[EventDate "2015.03.27"]
[EventType "swiss"]
[EventRounds "9"]
[EventCountry "MKD"]
[Source "lmi"]
[SourceDate "2015.03.27"]

1. d4 Nf6 2. c4 g6 3. Nc3 Bg7 4. e4 d6 5. Nf3 O-O 6. Be2 e5 7. d5 Na6 8. Qc2
Nh5 9. a3 Nf4 10. Bf1 f5 11. Be3 Nc5 12. Nd2 a5 13. O-O-O Bd7 14. g3 Nh5 15. h3
Bf6 16. exf5 Bxf5 17. Nde4 Nxe4 18. Nxe4 Bxe4 19. Qxe4 Bg5 20. Rd2 Nf6 21. Qd3
Nd7 22. h4 Nc5 23. Bxg5 Nxd3+ 24. Bxd3 Qe8 25. Be4 Qa4 26. Rc2 Rf5 27. Be3 b6
28. g4 Rf4 29. Bxf4 exf4 30. f3 Kg7 31. h5 Re8 32. Kb1 Re5 33. hxg6 hxg6 34.
Re1 Kf6 35. Rc3 Qe8 36. b3 Qh8 37. a4 Kg5 38. Rc2 Re7 39. Rce2 Qc3 40. Ka2 Rxe4
41. Rxe4 Qxf3 42. Re7 Qxg4 43. Rxc7 f3 44. Rf7 Qg2+ 45. Ka3 f2 46. Rc1 Kg4 47.
Rb1 g5 48. b4 axb4+ 49. Rxb4 Kh5 50. c5 bxc5 51. Rb1 Kg6 52. Rf8 Kg7 53. Rxf2
Qxf2 54. a5 Qf3+ 55. Ka4 Qe4+ 0-1

[Event "Karposh Open 2015"]
[Site "Skopje MKD"]
[Date "2015.04.01"]
[Round "7.36"]
[White "Miladinovic, Lena"]
[Black "Yurtseven, Melih"]
[Result "0-1"]
[WhiteElo "2190"]
[BlackElo "2356"]
[PlyCount "78"]
[EventDate "2015.03.27"]
[EventType "swiss"]
[EventRounds "9"]
[EventCountry "MKD"]
[Source "lmi"]
[SourceDate "2015.03.27"]

1. d4 Nf6 2. Nf3 c5 3. d5 g6 4. Nc3 Bg7 5. e4 d6 6. h3 O-O 7. a4 Na6 8. Be2 Nc7
9. O-O e6 10. Nd2 exd5 11. exd5 b6 12. Re1 Re8 13. Nc4 Ba6 14. Ne3 Bxe2 15.
Rxe2 Qd7 16. Rb1 Re7 17. b3 Nh5 18. Bb2 Nf4 19. Rd2 Rae8 20. Ne2 Bxb2 21. Rxb2
Nh5 22. Rb1 f5 23. c4 Na6 24. Qc2 Nb4 25. Qb2 Re5 26. Kf1 Qe7 27. Ra1 Rxe3 28.
fxe3 Qxe3 29. Rad1 f4 30. a5 bxa5 31. Qa1 Ng3+ 32. Nxg3 fxg3 33. Qf6 Rf8 34.
Qxf8+ Kxf8 35. Re2 Qxb3 36. Rde1 Qxc4 37. Kg1 Qxd5 38. Kh1 Nd3 39. Re8+ Kg7 0-1

[Event "Karposh Open 2015"]
[Site "Skopje MKD"]
[Date "2015.04.01"]
[Round "7.37"]
[White "Nikolov, Sasho"]
[Black "Issakainen, Ari"]
[Result "1-0"]
[WhiteElo "2355"]
[BlackElo "2195"]
[PlyCount "135"]
[EventDate "2015.03.27"]
[EventType "swiss"]
[EventRounds "9"]
[EventCountry "MKD"]
[Source "lmi"]
[SourceDate "2015.03.27"]

1. d4 d5 2. c4 c6 3. Nf3 Nf6 4. Nbd2 g6 5. e3 Bg7 6. b3 O-O 7. Bb2 Bg4 8. Bd3
Nbd7 9. O-O e6 10. h3 Bxf3 11. Nxf3 Qe7 12. Qe2 Rfd8 13. Rfd1 Rac8 14. a4 Ne4
15. Qc2 f5 16. Ba3 Qe8 17. b4 a5 18. bxa5 e5 19. Qb3 exd4 20. exd4 c5 21. Bf1
cxd4 22. Nxd4 Ndc5 23. Bxc5 Nxc5 24. Qf3 Qe4 25. cxd5 Qxf3 26. gxf3 Bxd4 27.
Rxd4 Nb3 28. Rad1 Nxd4 29. Rxd4 Rd6 30. Kg2 Kg7 31. Rb4 Rc7 32. Rb5 f4 33. Bd3
Kf6 34. Be4 Ke5 35. h4 h6 36. Kh3 Rg7 37. Kg4 g5 38. h5 Rc7 39. Rb1 Rg7 40. Rc1
Rf7 41. Rc8 Re7 42. Kh3 Ra6 43. Rh8 Rc7 44. Bg6 Rc1 45. Rxh6 Rd1 46. Rh7 Rxa5
47. Re7+ Kd6 48. Rxb7 Rxa4 49. Kg4 Rg1+ 50. Kf5 Kxd5 51. Rd7+ Kc6 52. Be8 Ra5+
53. Kf6 Kc5 54. Rd2 g4 55. fxg4 Rxg4 56. Bg6 f3 57. Rd3 Rf4+ 58. Ke5 Rf8 59.
Rd5+ Kb4 60. Rxa5 Kxa5 61. h6 Kb4 62. h7 Kc3 63. Bf7 Rh8 64. Bg8 Kd2 65. Kf4
Ke2 66. Kg3 Kd3 67. Kxf3 Kd4 68. Kf4 1-0

[Event "Karposh Open 2015"]
[Site "Skopje MKD"]
[Date "2015.04.01"]
[Round "7.38"]
[White "Bolat, Ahmet"]
[Black "Markoja, Boris"]
[Result "0-1"]
[WhiteElo "2170"]
[BlackElo "2353"]
[PlyCount "56"]
[EventDate "2015.03.27"]
[EventType "swiss"]
[EventRounds "9"]
[EventCountry "MKD"]
[Source "lmi"]
[SourceDate "2015.03.27"]

1. e4 g6 2. d4 Bg7 3. Nc3 c6 4. Nf3 d5 5. h3 Nh6 6. Bf4 f6 7. Qd2 Nf7 8. O-O-O
O-O 9. Kb1 a6 10. Bd3 e5 11. dxe5 fxe5 12. Bg3 Be6 13. h4 d4 14. Ne2 c5 15. c4
b5 16. Qc2 Nc6 17. a3 Na5 18. Nd2 Nd6 19. b3 Rb8 20. cxb5 Nxb5 21. Qxc5 Nc3+
22. Nxc3 Nxb3 23. Nxb3 Rxb3+ 24. Ka1 Rxc3 25. Qb4 a5 26. Qb2 Qd6 27. Bc2 Rxa3+
28. Kb1 Rb8 0-1

[Event "Karposh Open 2015"]
[Site "Skopje MKD"]
[Date "2015.04.01"]
[Round "7.39"]
[White "Potpara, Nikola"]
[Black "Ilic, Ljubomir"]
[Result "0-1"]
[WhiteElo "2353"]
[BlackElo "2193"]
[PlyCount "106"]
[EventDate "2015.03.27"]
[EventType "swiss"]
[EventRounds "9"]
[EventCountry "MKD"]
[Source "lmi"]
[SourceDate "2015.03.27"]

1. d4 Nf6 2. c4 c5 3. d5 b5 4. cxb5 a6 5. bxa6 Bxa6 6. Nc3 g6 7. e4 Bxf1 8.
Kxf1 d6 9. Nf3 Bg7 10. g3 O-O 11. Kg2 Nbd7 12. Qe2 Qa5 13. Bd2 Rfb8 14. Rab1
Ne8 15. h4 Nc7 16. a4 Qa6 17. b3 Qxe2 18. Nxe2 f5 19. Ng5 fxe4 20. Nxe4 Nxd5
21. h5 N7f6 22. Nxf6+ Bxf6 23. hxg6 hxg6 24. Rhc1 Kf7 25. Kf3 Rb7 26. Rc4 Nb6
27. Rg4 Nxa4 28. Nf4 Rab8 29. Nxg6 Rxb3+ 30. Rxb3 Rxb3+ 31. Be3 Nb6 32. Ke2 Nd5
33. Nf4 Nxf4+ 34. Rxf4 Ke6 35. Ra4 Kd5 36. g4 Rb4 37. Rxb4 cxb4 38. Kd3 b3 39.
f3 b2 40. Kc2 Ke6 41. Ba7 Kf7 42. Bf2 Kg6 43. Be3 d5 44. Bd2 e6 45. f4 Bd4 46.
Ba5 e5 47. fxe5 Bxe5 48. Bd2 Bd4 49. Kb1 Kf6 50. Kc2 Ke5 51. Bg5 Bc3 52. Bh6
Ke4 53. Kb1 d4 0-1

[Event "Karposh Open 2015"]
[Site "Skopje MKD"]
[Date "2015.04.02"]
[Round "8.1"]
[White "Ivanisevic, Ivan"]
[Black "Kozul, Zdenko"]
[Result "1-0"]
[WhiteElo "2638"]
[BlackElo "2630"]
[PlyCount "73"]
[EventDate "2015.03.27"]
[EventType "swiss"]
[EventRounds "9"]
[EventCountry "MKD"]
[Source "lmi"]
[SourceDate "2015.03.27"]

1. d4 Nf6 2. c4 g6 3. Nc3 Bg7 4. e4 d6 5. Nf3 O-O 6. h3 Na6 7. g3 c5 8. Bg2
cxd4 9. Nxd4 Bd7 10. Be3 Qa5 11. Qd2 Rfc8 12. b3 Nc5 13. O-O a6 14. Rab1 Qd8
15. a4 e5 16. Nde2 Bc6 17. f3 Qc7 18. Rfd1 Rd8 19. a5 Be8 20. Kh2 Qb8 21. h4
Bc6 22. b4 Ne6 23. Rdc1 Bf8 24. Nd5 Bxd5 25. cxd5 Ng7 26. Bh3 Nd7 27. Qc2 Be7
28. Kg2 Kf8 29. Rb3 b5 30. axb6 Nxb6 31. Qc6 Nc8 32. b5 Na7 33. Bxa7 Rxa7 34.
b6 Ra8 35. b7 Ra7 36. Qb6 f5 37. Rc8 1-0

[Event "Karposh Open 2015"]
[Site "Skopje MKD"]
[Date "2015.04.02"]
[Round "8.3"]
[White "Kazhgaleyev, Murtas"]
[Black "Perunovic, Milos"]
[Result "1/2-1/2"]
[WhiteElo "2561"]
[BlackElo "2632"]
[PlyCount "47"]
[EventDate "2015.03.27"]
[EventType "swiss"]
[EventRounds "9"]
[EventCountry "MKD"]
[Source "lmi"]
[SourceDate "2015.03.27"]

1. d4 Nf6 2. Nf3 d5 3. c4 e6 4. Nc3 dxc4 5. e3 a6 6. Bxc4 b5 7. Be2 Bb7 8. O-O
Nbd7 9. Ng5 c5 10. Bf3 Qb6 11. a4 b4 12. a5 Qc7 13. Na4 h6 14. Nh3 Be7 15. dxc5
Nxc5 16. Nxc5 Bxc5 17. Qa4+ Ke7 18. Bd2 Bxf3 19. gxf3 Qb7 20. Rfc1 Rhd8 21. Be1
Qxf3 22. Rxc5 Qg4+ 23. Kh1 Qf3+ 24. Kg1 1/2-1/2

[Event "Karposh Open 2015"]
[Site "Skopje MKD"]
[Date "2015.04.02"]
[Round "8.4"]
[White "Georgiev, Kiril"]
[Black "Bogdanovski, Vlatko"]
[Result "1-0"]
[WhiteElo "2623"]
[BlackElo "2413"]
[PlyCount "65"]
[EventDate "2015.03.27"]
[EventType "swiss"]
[EventRounds "9"]
[EventCountry "MKD"]
[Source "lmi"]
[SourceDate "2015.03.27"]

1. Nf3 Nf6 2. c4 e6 3. d4 Bb4+ 4. Bd2 Qe7 5. g3 Bxd2+ 6. Qxd2 Nc6 7. Nc3 d5 8.
b3 O-O 9. Bg2 dxc4 10. bxc4 e5 11. Nd5 Nxd5 12. cxd5 Nxd4 13. Nxd4 exd4 14. O-O
Rd8 15. Rab1 a5 16. Rfc1 Ra6 17. Qxd4 c6 18. e4 cxd5 19. exd5 h6 20. h4 Qa3 21.
Qc4 a4 22. Rb4 b5 23. Rxb5 Bd7 24. Rb7 Qd6 25. Qe2 Rb6 26. Rxb6 Qxb6 27. Qe7
Be8 28. Bf1 Rb8 29. d6 Qd8 30. Qe5 Qf6 31. Qxf6 gxf6 32. Bh3 Bb5 33. Rb1 1-0

[Event "Karposh Open 2015"]
[Site "Skopje MKD"]
[Date "2015.04.02"]
[Round "8.5"]
[White "Dourerassou, Jonathan"]
[Black "Markus, Robert"]
[Result "0-1"]
[WhiteElo "2438"]
[BlackElo "2615"]
[PlyCount "68"]
[EventDate "2015.03.27"]
[EventType "swiss"]
[EventRounds "9"]
[EventCountry "MKD"]
[Source "lmi"]
[SourceDate "2015.03.27"]

1. e4 d6 2. d4 Nf6 3. Nc3 e5 4. Nf3 Nbd7 5. Bc4 exd4 6. Qxd4 Be7 7. Bf4 O-O 8.
O-O-O Nb6 9. Rhe1 Nxc4 10. Qxc4 Be6 11. Qf1 Qc8 12. Nd4 Nd7 13. Bg3 Re8 14. f4
Nc5 15. f5 Bd7 16. e5 Bf8 17. Kb1 dxe5 18. Bxe5 c6 19. g4 b5 20. Nf3 b4 21. Ne4
Nxe4 22. Rxe4 c5 23. Ng5 Qb7 24. Ree1 Bb5 25. Qh3 h6 26. Nf3 f6 27. Bf4 Be2 28.
Nh4 Bxd1 29. Rxd1 Rad8 30. Rg1 Re2 31. Qb3+ Qd5 32. Ng6 c4 33. Qg3 Qe4 34. Rc1
Rd1 0-1

[Event "Karposh Open 2015"]
[Site "Skopje MKD"]
[Date "2015.04.02"]
[Round "8.6"]
[White "Damljanovic, Branko"]
[Black "Arat, Ufuk Sezen"]
[Result "1-0"]
[WhiteElo "2562"]
[BlackElo "2361"]
[PlyCount "75"]
[EventDate "2015.03.27"]
[EventType "swiss"]
[EventRounds "9"]
[EventCountry "MKD"]
[Source "lmi"]
[SourceDate "2015.03.27"]

1. Nf3 Nf6 2. c4 c6 3. b3 d5 4. Bb2 Bg4 5. e3 e6 6. h3 Bh5 7. d3 h6 8. Nbd2
Nbd7 9. a3 Bd6 10. Qc2 Bg6 11. Be2 O-O 12. b4 a5 13. c5 Bc7 14. O-O e5 15. e4
Nh5 16. g3 f5 17. Rae1 fxe4 18. dxe4 d4 19. Nh4 Bf7 20. Nf5 Ndf6 21. Bc4 Kh7
22. Bxf7 Rxf7 23. Nc4 g6 24. Nfd6 Re7 25. f4 Nxg3 26. fxe5 Nfxe4 27. Rxe4 Nxf1
28. Kxf1 axb4 29. axb4 Qg8 30. Bxd4 b5 31. cxb6 Bxd6 32. Nxd6 Ra2 33. Qc4 Qf8+
34. Kg1 Rd2 35. Qf1 Qg8 36. b7 Rxb7 37. Nxb7 Qd5 38. e6 1-0

[Event "Karposh Open 2015"]
[Site "Skopje MKD"]
[Date "2015.04.02"]
[Round "8.7"]
[White "Nabaty, Tamir"]
[Black "Haznedaroglu, Kivanc"]
[Result "1/2-1/2"]
[WhiteElo "2590"]
[BlackElo "2445"]
[PlyCount "140"]
[EventDate "2015.03.27"]
[EventType "swiss"]
[EventRounds "9"]
[EventCountry "MKD"]
[Source "lmi"]
[SourceDate "2015.03.27"]

1. e4 e6 2. d4 d5 3. Nc3 Bb4 4. e5 b6 5. Bd2 Qd7 6. h4 Ba6 7. Bxa6 Nxa6 8. Qg4
Bf8 9. h5 h6 10. Nce2 c5 11. dxc5 Nxc5 12. O-O-O Rc8 13. Be1 Qc7 14. Nc3 Qxe5
15. Nxd5 Qg5+ 16. Ne3 Qxg4 17. Nxg4 Be7 18. Ne2 Nd7 19. Nc3 Ngf6 20. Nxf6+ Nxf6
21. Nb5 a6 22. Nd6+ Bxd6 23. Rxd6 Nd5 24. f3 Ke7 25. Bg3 Rc5 26. Kb1 Rhc8 27.
Re1 R8c6 28. Rxc6 Rxc6 29. a4 Kd7 30. Bf2 b5 31. axb5 axb5 32. b3 Ra6 33. Kb2
Ra8 34. Bc5 f5 35. g4 fxg4 36. fxg4 Rg8 37. Bd4 Nf6 38. Re5 Nxg4 39. Rxb5 g5
40. hxg6 Rxg6 41. c4 Rg5 42. Rb7+ Kc8 43. Re7 e5 44. Bb6 h5 45. b4 Rg6 46. c5
Ne3 47. Kb3 Nd5 48. Re8+ Kb7 49. Bd8 Rg4 50. Ba5 Kc6 51. Rc8+ Kb5 52. Rb8+ Kc6
53. Rc8+ Kb5 54. Rb8+ Kc6 55. Rd8 Rg3+ 56. Kc2 Rg6 57. Kd3 h4 58. Ke4 h3 59.
Rc8+ Kd7 60. Rh8 Ke6 61. Kf3 e4+ 62. Kxe4 Nxb4 63. Rxh3 Rg4+ 64. Ke3 Nd5+ 65.
Kd2 Rd4+ 66. Ke1 Re4+ 67. Kf2 Rc4 68. Rh6+ Ke5 69. c6 Nf6 70. Ke2 Rxc6 1/2-1/2

[Event "Karposh Open 2015"]
[Site "Skopje MKD"]
[Date "2015.04.02"]
[Round "8.8"]
[White "Kraemer, Martin"]
[Black "Doncea, Vladimir"]
[Result "1/2-1/2"]
[WhiteElo "2577"]
[BlackElo "2421"]
[PlyCount "87"]
[EventDate "2015.03.27"]
[EventType "swiss"]
[EventRounds "9"]
[EventCountry "MKD"]
[Source "lmi"]
[SourceDate "2015.03.27"]

1. e4 c5 2. Nf3 e6 3. d4 cxd4 4. Nxd4 Nc6 5. Nc3 Qc7 6. Be3 Nf6 7. Be2 a6 8.
O-O Be7 9. f4 d6 10. a4 O-O 11. Kh1 Bd7 12. Nb3 Na5 13. e5 Ne8 14. Nxa5 Qxa5
15. Ne4 Qc7 16. a5 Bc6 17. Bb6 Qd7 18. Bf3 Bd8 19. Bd4 f5 20. Nxd6 Nxd6 21.
exd6 Qxd6 22. c3 Bc7 23. Bxc6 Qxc6 24. Qa4 Rfe8 25. Kg1 Qd5 26. Rad1 Rad8 27.
Bxg7 Qxa5 28. Qxa5 Bxa5 29. Bd4 Rd6 30. b4 Bxb4 31. Rb1 a5 32. Rf3 Rd7 33. cxb4
Rxd4 34. bxa5 Re7 35. Rb5 h5 36. g3 Rc7 37. Kg2 Kf7 38. Rf2 Kf6 39. Rfb2 Ra4
40. Kh3 h4 41. Rxb7 Rxb7 42. Rxb7 hxg3 43. hxg3 Rxa5 44. Kg2 1/2-1/2

[Event "Karposh Open 2015"]
[Site "Skopje MKD"]
[Date "2015.04.02"]
[Round "8.9"]
[White "Drazic, Sinisa"]
[Black "Djukic, Nikola"]
[Result "1/2-1/2"]
[WhiteElo "2439"]
[BlackElo "2529"]
[PlyCount "66"]
[EventDate "2015.03.27"]
[EventType "swiss"]
[EventRounds "9"]
[EventCountry "MKD"]
[Source "lmi"]
[SourceDate "2015.03.27"]

1. d4 Nf6 2. Nf3 g6 3. g3 Bg7 4. Bg2 O-O 5. O-O d5 6. Ne5 c6 7. c4 dxc4 8. Nxc4
Be6 9. b3 Bd5 10. Bb2 Nbd7 11. Nbd2 Bxg2 12. Kxg2 b5 13. Ne5 Qb6 14. Ndf3 Rfd8
15. Qc2 Rac8 16. Nxd7 Nxd7 17. Rfd1 c5 18. dxc5 Rxc5 19. Qd2 Bxb2 20. Qxb2 Nf6
21. Rxd8+ Qxd8 22. Rc1 Rxc1 23. Qxc1 Qb6 24. Qc8+ Kg7 25. Qc3 Qa6 26. Qd2 Qe6
27. Qd3 a6 28. a4 Qc6 29. axb5 axb5 30. Qd4 Qe6 31. Qd3 Qc6 32. Qd4 Qe6 33. Qd3
Qc6 1/2-1/2

[Event "Karposh Open 2015"]
[Site "Skopje MKD"]
[Date "2015.04.03"]
[Round "9.1"]
[White "Ivanisevic, Ivan"]
[Black "Tkachiev, Vladislav"]
[Result "1/2-1/2"]
[WhiteElo "2638"]
[BlackElo "2634"]
[PlyCount "20"]
[EventDate "2015.03.27"]
[EventType "swiss"]
[EventRounds "9"]
[EventCountry "MKD"]
[Source "lmi"]
[SourceDate "2015.03.27"]

1. d4 Nf6 2. c4 e6 3. Nf3 d5 4. Nc3 Be7 5. Bg5 h6 6. Bh4 O-O 7. e3 Ne4 8. Bxe7
Qxe7 9. Rc1 c6 10. Bd3 Nxc3 1/2-1/2